Viability of regional rural banks (Record no. 4335)

000 -LEADER
fixed length control field 00369pab a2200157 454500
008 - FIXED-LENGTH DATA ELEMENTS--GENERAL INFORMATION
fixed length control field 180718b1989 xxu||||| |||| 00| 0 eng d
100 ## - MAIN ENTRY--PERSONAL NAME
Personal name Noorbasha, Abdul
245 ## - TITLE STATEMENT
Title Viability of regional rural banks
Remainder of title A case study
260 ## - PUBLICATION, DISTRIBUTION, ETC.
Date of publication, distribution, etc. 1989
300 ## - PHYSICAL DESCRIPTION
Extent 18-21
362 ## - DATES OF PUBLICATION AND/OR SEQUENTIAL DESIGNATION
Dates of publication and/or sequential designation 26 Mar.
650 ## - SUBJECT ADDED ENTRY--TOPICAL TERM
Topical term or geographic name entry element Banks - India
700 ## - ADDED ENTRY--PERSONAL NAME
Personal name M. Jyothi
773 ## - HOST ITEM ENTRY
Main entry heading Yojana
909 ## -
-- 4335
Holdings
Withdrawn status Lost status Damaged status Not for loan Permanent Location Current Location Date acquired Serial Enumeration / chronology Barcode Date last seen Price effective from Koha item type
        Indian Institute of Public Administration Indian Institute of Public Administration 2018-07-19 Volume no: 33, Issue no: 9 AR4338 2018-07-19 2018-07-19 Articles

Powered by Koha